|
|
|
|
| LEADER |
00935nam a2200265 i 4500 |
| 001 |
c000077040 |
| 003 |
CARM |
| 005 |
20070731090103.0 |
| 008 |
770318r19771975enk 00011 eng d |
| 015 |
|
|
|a B7708067
|
| 019 |
1 |
|
|a 3414616
|z 40359772
|5 LACONCORD2021
|
| 020 |
|
|
|a 0709159080 :
|c L.2.95
|
| 035 |
|
|
|a (OCoLC)16385255
|5 LACONCORD2021
|
| 040 |
|
|
|a VCAV
|c VCAV
|
| 100 |
1 |
|
|a Hunter, John,
|d 1903-
|
| 245 |
1 |
0 |
|a This range is mine /
|c John Hunter.
|
| 260 |
|
|
|a London :
|b Hale,
|c 1977.
|
| 300 |
|
|
|a [4], 153 p. ;
|c 20cm.
|
| 500 |
|
|
|a Fiction in English, 1900-. Texts (BNB/PRECIS)
|
| 500 |
|
|
|a Originally published: s.l. : s.n., 1975.
|
| 650 |
|
0 |
|a English fiction.
|
| 852 |
8 |
|
|b CARM
|h A2:AF33H0
|i A00892
|p 0101392
|f BK
|
| 082 |
0 |
4 |
|a 823/.9/1
|2 18
|
| 999 |
f |
f |
|i 6cc78f84-5f58-5f0d-87c4-cae562d6795c
|s d541f7e2-b5e2-5f68-8db3-1e7e26bee0cb
|
| 952 |
f |
f |
|p Can circulate
|a CAVAL
|b CAVAL
|c CAVAL
|d CARM 1 Store
|e A00892
|f A2:AF33H0
|h Other scheme
|i book
|m 0101392
|